000 00266nam a22001217a 4500
008 180903b xxu||||| |||| 00| 0 eng d
041 _aeng
080 _a371
100 _a25
101 _aEDU
245 _aThe New St.Martin's Handbook
_cLunsford
942 _2udc
_cBK
999 _c47453
_d47453